[Event "MCR_EM_CF10"]
[Site "?"]
[Date "2004.??.??"]
[Round "?"]
[White "Zahour, Jiri"]
[Black "Machotka, Jaroslav"]
[Result "1/2-1/2"]
[WhiteElo "2114"]
[BlackElo "1895"]
[PlyCount "117"]
[EventDate "2004.??.??"]

1. e4 e5 2. Nf3 Nc6 3. d4 exd4 4. Bc4 Bc5 5. c3 dxc3 6. Bxf7+ Kxf7 7. Qd5+ Kf8
8. Qxc5+ d6 9. Qc4 cxb2 10. Bxb2 Qe8 11. Nc3 Be6 12. Nd5 Bxd5 13. Qxd5 Nf6 14.
Bxf6 gxf6 15. Rb1 Nd8 16. O-O Qf7 17. Qd2 Kg7 18. Nd4 Re8 19. Nf5+ Kh8 20. f3
b6 21. Rbc1 Re5 22. Nh6 Qg7 23. Nf5 Qf7 24. Rc3 Ne6 25. f4 Ra5 26. Rg3 Rf8 27.
a3 Qd7 28. Re1 Qb5 29. Kh1 Nc5 30. Qd5 Ra4 31. Rge3 Qd7 32. Kg1 a6 33. h3 Ra5
34. Qc4 Ra4 35. Qd5 Qe6 36. g4 Rc4 37. Qd1 b5 38. Qe2 a5 39. Qd1 Rg8 40. Nh6
Rf8 41. Nf5 b4 42. e5 fxe5 43. fxe5 d5 44. Nd4 Qb6 45. e6 Ne4 46. e7 Re8 47.
Nf5 Qc5 48. axb4 axb4 49. Kg2 Rc2+ 50. R3e2 b3 51. Rxc2 Qxc2+ 52. Qxc2 bxc2 53.
Rc1 Nd6 54. Nxd6 cxd6 55. Rxc2 Rxe7 56. Rc6 Re6 57. Ra6 Kg7 58. Ra5 Re5 59. Ra6
1/2-1/2

[Event "MCR_EM_CF10"]
[Site "?"]
[Date "2004.??.??"]
[Round "?"]
[White "Glaser, Karel"]
[Black "Lehovcova, Jana"]
[Result "1-0"]
[WhiteElo "2082"]
[BlackElo "1834"]
[PlyCount "167"]
[EventDate "2004.??.??"]

1. e4 e5 2. Nf3 Nf6 3. Nxe5 d6 4. Nf3 Nxe4 5. d4 d5 6. Bd3 Bd6 7. O-O O-O 8. c4
c6 9. Re1 Re8 10. cxd5 cxd5 11. Nc3 Nxc3 12. Rxe8+ Qxe8 13. bxc3 Bg4 14. Rb1 b6
15. h3 Bh5 16. Rb5 Qe6 17. g4 Bxg4 18. hxg4 Qxg4+ 19. Kf1 Qh3+ 20. Ke2 Nd7 21.
Kd2 Nf6 22. Kc2 Rc8 23. Qe2 Qg4 24. Qe3 h6 25. Bd2 Qd7 26. Ne5 Bxe5 27. dxe5 d4
28. Qf3 dxc3 29. Bc1 Nh7 30. Qf5 Qxf5 31. Bxf5 Rd8 32. Be3 h5 33. a4 g6 34. Bd3
Rc8 35. a5 bxa5 36. Rxa5 Rc7 37. Rxa7 Rxa7 38. Bxa7 h4 39. f4 g5 40. Bf2 h3 41.
Bg3 gxf4 42. Bxf4 Nf8 43. Bg3 Ne6 44. Kxc3 f6 45. Bf5 Kf7 46. Bxh3 Ng5 47. Bf5
fxe5 48. Bxe5 Nf3 49. Bf4 Nh4 50. Be4 Ke6 51. Kc4 Kf6 52. Kc5 Ng6 53. Bd6 Ne7
54. Bc7 Nf5 55. Bg2 Kg5 56. Bb7 Kf6 57. Kd5 Ne7+ 58. Ke4 Kf7 59. Ba6 Kf6 60.
Be5+ Kg6 61. Bd3 Kf7 62. Be2 Kg6 63. Bd3 Kf7 64. Bc4+ Ke8 65. Be6 Ng6 66. Bf6
Ne7 67. Ke5 Ng6+ 68. Kd6 Nf8 69. Bg8 Nd7 70. Bd4 Nf8 71. Bd5 Nh7 72. Bf3 Kf8
73. Bh5 Kg8 74. Ke7 Ng5 75. Be3 Ne4 76. Bf3 Nc3 77. Kf6 Nb5 78. Bc6 Nd6 79. Bc5
Nf5 80. Bd5+ Kh7 81. Kxf5 Kg7 82. Kg5 Kh7 83. Kf6 Kh6 84. Bf3 1-0

[Event "MCR_EM_CF10"]
[Site "?"]
[Date "2004.??.??"]
[Round "?"]
[White "Peterka, Jiri"]
[Black "Zahour, Jiri"]
[Result "1/2-1/2"]
[WhiteElo "2023"]
[BlackElo "2114"]
[PlyCount "119"]
[EventDate "2004.??.??"]

1. d4 d5 2. c4 c6 3. Nc3 Nf6 4. Nf3 dxc4 5. a4 Bf5 6. e3 e6 7. Bxc4 Bb4 8. O-O
O-O 9. Nh4 Bg4 10. f3 Bh5 11. g4 Nd5 12. Ng2 Bg6 13. Qb3 a5 14. f4 Bxc3 15.
bxc3 Be4 16. Qxb7 Nd7 17. Qb2 Qf6 18. Qd2 Rfd8 19. Bd3 Qg6 20. f5 Qxg4 21. h3
Qxg2+ 22. Qxg2 Bxg2 23. Kxg2 exf5 24. Bxf5 N7b6 25. Rf2 Re8 26. Kf3 Ra7 27. Rb1
Nxa4 28. c4 Nb4 29. Bd2 Rae7 30. Ra1 Nb6 31. Rxa5 Nxc4 32. Bxb4 Nxa5 33. Bxa5
g6 34. Bc2 Rxe3+ 35. Kg2 Re2 36. Bd1 Rxf2+ 37. Kxf2 Ra8 38. Bb4 f5 39. Bf3 Ra4
40. Bc5 Ra6 41. Ke3 Kf7 42. Kf4 Kf6 43. h4 h6 44. Bf8 g5+ 45. Kg3 Kg6 46. hxg5
hxg5 47. Bc5 Kf6 48. Bg2 Ke6 49. Kh3 Kd7 50. Bf1 Ra1 51. Bd3 Ke6 52. Kg3 Rd1
53. Be2 Rc1 54. Bf3 Rc3 55. Kf2 Kd7 56. Bh5 g4 57. Bg6 g3+ 58. Kg2 f4 59. Bf5+
Kc7 60. Kh3 1/2-1/2

[Event "MCR_EM_CF10"]
[Site "?"]
[Date "2004.??.??"]
[Round "?"]
[White "Machotka, Jaroslav"]
[Black "Pauschek, Roman"]
[Result "1/2-1/2"]
[WhiteElo "1895"]
[BlackElo "2082"]
[PlyCount "81"]
[EventDate "2004.??.??"]

1. e4 e5 2. Nf3 Nc6 3. Bb5 a6 4. Ba4 Nf6 5. O-O Be7 6. Re1 b5 7. Bb3 O-O 8. c3
d5 9. exd5 Nxd5 10. Nxe5 Nxe5 11. Rxe5 c6 12. Re1 Bd6 13. d4 Qh4 14. g3 Qh3 15.
Bxd5 cxd5 16. Qf3 Bf5 17. Qxd5 Rae8 18. Bd2 Bd3 19. Na3 Bxa3 20. bxa3 Bc4 21.
Qf3 Qd7 22. a4 Rxe1+ 23. Rxe1 Bxa2 24. axb5 Bd5 25. Qe2 axb5 26. Qe5 Ra8 27.
Qh5 Qc6 28. Re3 h6 29. Be1 Qd7 30. Re5 Bc4 31. h3 Ra2 32. g4 Ra6 33. Re3 Ra8
34. Qc5 Qb7 35. f3 Be6 36. Kf2 Qa6 37. Re5 Bc4 38. Qc7 Kh7 39. Kg3 Ra7 40. Qc5
Ra8 41. Re7 1/2-1/2

[Event "MCR_EM_CF10"]
[Site "?"]
[Date "2004.??.??"]
[Round "?"]
[White "Peterka, Jiri"]
[Black "Pauschek, Roman"]
[Result "0-1"]
[WhiteElo "2023"]
[BlackElo "2082"]
[PlyCount "116"]
[EventDate "2004.??.??"]

1. e4 e5 2. Bc4 Nf6 3. d3 Bc5 4. Nf3 Nc6 5. O-O d6 6. c3 O-O 7. b4 Bb6 8. a4 a5
9. b5 Ne7 10. Bg5 Ng6 11. Nh4 Nf4 12. Nd2 Bg4 13. Nhf3 Ne6 14. Bh4 Nf4 15. h3
Bh5 16. Qb3 c6 17. Rab1 Rb8 18. d4 Ng6 19. Bg5 h6 20. Be3 d5 21. bxc6 bxc6 22.
exd5 e4 23. Nh2 Bc7 24. Qc2 cxd5 25. Bb5 Nf4 26. Rfe1 Qd6 27. Bxf4 Qxf4 28.
Nhf1 Bg6 29. Qc1 Rfd8 30. Rb2 Nh5 31. Nb3 Qf6 32. Nc5 Nf4 33. Na6 Rbc8 34. Nxc7
Rxc7 35. Kh2 Rdc8 36. Rb3 Qd6 37. Kg1 f5 38. Ne3 Nh5 39. Qb2 Nf6 40. Be2 Kh7
41. Rc1 f4 42. Ng4 Nxg4 43. Bxg4 Re8 44. Rb6 Qd8 45. Ra6 f3 46. gxf3 Rf7 47.
Qb6 Qg5 48. Qxg6+ Qxg6 49. Rxg6 Kxg6 50. fxe4 Rxe4 51. Rb1 h5 52. Bd1 Re1+ 53.
Kg2 Kg5 54. Bxh5 Rxf2+ 55. Kxf2 Rxb1 56. Bf3 Rc1 57. Bxd5 Rxc3 58. Be6 Kf4 0-1

[Event "MCR_EM_CF10"]
[Site "?"]
[Date "2004.??.??"]
[Round "?"]
[White "Mateka, Petr"]
[Black "Pauschek, Roman"]
[Result "1-0"]
[WhiteElo "2000"]
[BlackElo "2082"]
[PlyCount "107"]
[EventDate "2004.??.??"]

1. e4 e5 2. Nf3 Nc6 3. Bb5 a6 4. Ba4 Nf6 5. O-O Be7 6. Re1 b5 7. Bb3 O-O 8. c3
d6 9. h3 Na5 10. Bc2 c5 11. d4 Qc7 12. Nbd2 cxd4 13. cxd4 Bb7 14. d5 Rac8 15.
Bb1 Nh5 16. a4 b4 17. Nb3 Nxb3 18. Qxb3 a5 19. Be3 Nf4 20. Bxf4 exf4 21. Qd3
Rfe8 22. Rd1 Bd8 23. Qd2 h6 24. Bd3 Bf6 25. Rab1 Be5 26. Nxe5 dxe5 27. Rbc1 Qd6
28. Be2 Red8 29. Qd3 Rc5 30. Rxc5 Qxc5 31. Qb5 Qxb5 32. axb5 Kf8 33. Ra1 f5 34.
exf5 Ke7 35. Rxa5 Bxd5 36. Ra6 Rf8 37. Ra7+ Kf6 38. Rd7 Ba8 39. Bg4 e4 40. b6
Rb8 41. Rd6+ Ke5 42. Re6+ Kd4 43. f6 gxf6 44. Rxf6 Kc4 45. f3 Kb3 46. fxe4 Kxb2
47. e5 b3 48. e6 Re8 49. Bh5 Re7 50. Rf7 Rxe6 51. b7 Bxb7 52. Rxb7 Re3 53. Bf7
Kc3 54. Rxb3+ 1-0

[Event "MCR_EM_CF10"]
[Site "?"]
[Date "2004.??.??"]
[Round "?"]
[White "Pauschek, Roman"]
[Black "Mateka, Petr"]
[Result "1-0"]
[WhiteElo "2082"]
[BlackElo "2000"]
[PlyCount "105"]
[EventDate "2004.??.??"]

1. e4 e5 2. Nf3 Nc6 3. Bc4 Bc5 4. c3 Nf6 5. b4 Be7 6. d3 d6 7. a4 O-O 8. a5 Qd7
9. a6 Nd8 10. axb7 Nxb7 11. Bg5 a5 12. O-O h6 13. Bh4 c6 14. Nbd2 Qc7 15. d4
exd4 16. Nxd4 Bd7 17. Qf3 axb4 18. Rxa8 Rxa8 19. cxb4 Qb6 20. Nc2 Bg4 21. Qd3
Bh5 22. e5 Nd5 23. Bxe7 Bg6 24. Ne4 Nxe7 25. exd6 Bxe4 26. Qxe4 Nxd6 27. Qxe7
Nxc4 28. Rd1 Qb5 29. Rd8+ Rxd8 30. Qxd8+ Kh7 31. Qd3+ g6 32. h3 Nb6 33. Qxb5
cxb5 34. Kf1 Nd5 35. Ke2 Nf4+ 36. Kf3 g5 37. g3 Nxh3 38. Kg2 g4 39. f4 Kg6 40.
Nd4 Kf6 41. Nxb5 Ke6 42. Nd4+ Kd5 43. Nf5 h5 44. Ng7 h4 45. gxh4 Nxf4+ 46. Kg3
Ke5 47. b5 Nd5 48. Kxg4 Nf6+ 49. Kg5 Ne4+ 50. Kh5 Kd5 51. Kg4 Nf6+ 52. Kg5 Nh7+
53. Kf5 1-0

[Event "MCR_EM_CF10"]
[Site "?"]
[Date "2004.??.??"]
[Round "?"]
[White "Pauschek, Roman"]
[Black "Peterka, Jiri"]
[Result "1/2-1/2"]
[WhiteElo "2082"]
[BlackElo "2023"]
[PlyCount "91"]
[EventDate "2004.??.??"]

1. e4 c5 2. Nf3 e6 3. d4 cxd4 4. Nxd4 Nc6 5. Nc3 Qc7 6. Be2 a6 7. O-O Nf6 8.
Be3 Bb4 9. Na4 O-O 10. Nxc6 bxc6 11. Nb6 Rb8 12. Nxc8 Rfxc8 13. Bxa6 Rd8 14.
Bd3 Bd6 15. Kh1 Be5 16. c3 Rxb2 17. Qc1 Ng4 18. f4 Nxe3 19. Qxb2 Bxf4 20. Qf2
Nxf1 21. Rxf1 e5 22. g3 Qd6 23. Be2 Bg5 24. Qxf7+ Kh8 25. Rd1 Qe7 26. Qxe7 Bxe7
27. a4 Kg8 28. a5 Kf8 29. Bc4 Bc5 30. Kg2 Ke7 31. h4 Rb8 32. Rf1 Rb2+ 33. Kh3
Rf2 34. Kg4 Rxf1 35. Bxf1 Kd6 36. Bc4 Bf2 37. Bg8 h6 38. a6 Kc7 39. Bc4 g6 40.
Bf7 Kb6 41. Bxg6 Kxa6 42. Be8 c5 43. c4 Kb7 44. Kf3 Be1 45. Bxd7 Kc7 46. Be6
1/2-1/2

[Event "MCR_EM_CF10"]
[Site "?"]
[Date "2004.??.??"]
[Round "?"]
[White "Machotka, Jaroslav"]
[Black "Mateka, Petr"]
[Result "1/2-1/2"]
[WhiteElo "1895"]
[BlackElo "2000"]
[PlyCount "105"]
[EventDate "2004.??.??"]

1. e4 e5 2. Nf3 Nc6 3. Bb5 a6 4. Ba4 Nf6 5. O-O Be7 6. Re1 b5 7. Bb3 O-O 8. c3
d6 9. d4 Bg4 10. d5 Na5 11. Bc2 c6 12. h3 Bh5 13. dxc6 Nxc6 14. a3 Rc8 15. Nbd2
Re8 16. Nf1 Bg6 17. Ng3 d5 18. exd5 Bxc2 19. Qxc2 Nxd5 20. Nxe5 Bxa3 21. Nf3
Rxe1+ 22. Nxe1 Be7 23. Nf3 a5 24. Nf5 Bf6 25. Bd2 b4 26. Rd1 Qc7 27. c4 Nce7
28. Bg5 Bxg5 29. Nxg5 Nxf5 30. Rxd5 Re8 31. Ne4 Ne7 32. Rd1 h6 33. c5 Ng6 34.
b3 Re5 35. Qc4 Kh7 36. Rd5 Qc6 37. Rxe5 Nxe5 38. Qd4 Nd7 39. g4 Qe6 40. Kg2 Nf8
41. Nd2 Qc8 42. Qc4 Ne6 43. c6 Kg8 44. Nf3 Qc7 45. Kf1 Kf8 46. Qd5 Ke7 47. Ne5
Qd6 48. Qxa5 Qd1+ 49. Kg2 Qxb3 50. c7 Qc3 51. c8=Q Qxc8 52. Qxb4+ Qc5 53. Qb7+
1/2-1/2

[Event "MCR_EM_CF10"]
[Site "?"]
[Date "2004.??.??"]
[Round "?"]
[White "Machotka, Jaroslav"]
[Black "Lehovcova, Jana"]
[Result "1-0"]
[WhiteElo "1895"]
[BlackElo "1834"]
[PlyCount "115"]
[EventDate "2004.??.??"]

1. e4 e5 2. Nf3 Nf6 3. Nxe5 d6 4. Nf3 Nxe4 5. d4 d5 6. Bd3 Bd6 7. O-O O-O 8. c4
c6 9. Qc2 Na6 10. Bxe4 dxe4 11. Qxe4 Re8 12. Qd3 Qf6 13. Bg5 Bf5 14. Qb3 Qg6
15. c5 Bc7 16. Nbd2 Rab8 17. Bh4 Be6 18. Qc3 Bd5 19. Rae1 f5 20. a3 h6 21. Be7
Kf7 22. Bh4 Kg8 23. Be7 Kf7 24. Bd6 Bxd6 25. cxd6 Qxd6 26. Nc4 Qc7 27. Nh4 Be6
28. Qd3 Kf8 29. Nxf5 Rbd8 30. Re3 c5 31. Nxh6 gxh6 32. Rf3+ Kg7 33. Rg3+ Kh8
34. Qg6 Qxg3 35. fxg3 Bxc4 36. Qxh6+ Kg8 37. Qg6+ Kh8 38. Rc1 Bb5 39. h4 Rf8
40. Qh6+ Kg8 41. Qg5+ Kh8 42. Re1 Rde8 43. Re7 Rxe7 44. Qxe7 Kg8 45. Qxb7 Bf1
46. Qxa7 Rf7 47. Qb6 Nc7 48. dxc5 Bb5 49. g4 Bc4 50. a4 Re7 51. b4 Nd5 52. Qg6+
Kf8 53. b5 Re1+ 54. Kh2 Ne3 55. b6 Nf1+ 56. Kg1 Nd2+ 57. Kf2 Re2+ 58. Kg3 1-0

[Event "MCR_EM_CF10"]
[Site "?"]
[Date "2004.??.??"]
[Round "?"]
[White "Pauschek, Roman"]
[Black "Machotka, Jaroslav"]
[Result "1/2-1/2"]
[WhiteElo "2082"]
[BlackElo "1895"]
[PlyCount "76"]
[EventDate "2004.??.??"]

1. e4 e5 2. Nf3 Nc6 3. Bc4 Bc5 4. c3 Nf6 5. b4 Bb6 6. d3 d6 7. a4 a5 8. b5 Ne7
9. O-O O-O 10. Nbd2 Ng6 11. Bb3 c6 12. Nc4 Bc7 13. Re1 cxb5 14. axb5 Bd7 15.
Ba4 Be6 16. Ba3 Bxc4 17. dxc4 Qc8 18. Bc1 h6 19. Be3 Ng4 20. Qd3 Nxe3 21. Qxe3
Qd8 22. c5 dxc5 23. g3 b6 24. Red1 Qc8 25. Bb3 Qg4 26. Kg2 Nf4+ 27. Kh1 Nh3 28.
Rd2 Rae8 29. Bd5 Qh5 30. Rad1 g6 31. Kg2 Re7 32. Bc6 f6 33. Ne1 Kh7 34. Qf3
Qxf3+ 35. Nxf3 Ng5 36. h4 Ne6 37. h5 g5 38. Nh2 Kg7 1/2-1/2

[Event "MCR_EM_CF10"]
[Site "?"]
[Date "2004.??.??"]
[Round "?"]
[White "Machotka, Jaroslav"]
[Black "Zahour, Jiri"]
[Result "1-0"]
[WhiteElo "1895"]
[BlackElo "2114"]
[PlyCount "145"]
[EventDate "2004.??.??"]

1. e4 Nf6 2. e5 Nd5 3. d4 d6 4. Nf3 g6 5. Bc4 Nb6 6. Bb3 Bg7 7. a4 a5 8. Ng5 e6
9. f4 dxe5 10. fxe5 c5 11. Qf3 O-O 12. dxc5 N6d7 13. Qh3 h6 14. Nf3 g5 15. Qh5
Qc7 16. h4 g4 17. Qxg4 Nxe5 18. Qf4 Nbd7 19. Nxe5 Qxe5+ 20. Qxe5 Nxe5 21. Nd2
Bd7 22. O-O Rfd8 23. Ne4 Bc6 24. Nd6 Rd7 25. Bf4 Ng6 26. c3 Nxf4 27. Rxf4 Be5
28. Rg4+ Kf8 29. Nc4 Bc7 30. Rf1 Ke7 31. Bc2 Rf8 32. Rg7 Rd5 33. Nd6 Bxd6 34.
cxd6+ Rxd6 35. Rf2 e5 36. Bb3 Kd8 37. Rgxf7 Rxf7 38. Rxf7 Rg6 39. Rf2 Rg4 40.
h5 Ke7 41. Bd1 Rg5 42. Kh2 Bd7 43. Rd2 Be6 44. g3 b6 45. Kg2 Bd7 46. b4 Bc6+
47. Kf2 Rf5+ 48. Ke1 e4 49. g4 Re5 50. Ke2 e3 51. Rd4 Bd7 52. b5 Be6 53. Kd3
Bg8 54. c4 Bh7+ 55. Ke2 Bg8 56. Bc2 Be6 57. Bd3 Bc8 58. Rf4 Be6 59. Bf5 Bf7 60.
Rd4 Bxh5 61. Rd7+ Ke8 62. gxh5 Rxf5 63. Rd6 Rxh5 64. Kxe3 Rh4 65. Kd3 Rh3+ 66.
Kd4 Rh4+ 67. Kd5 Ke7 68. Rxb6 Rh5+ 69. Kc6 Rf5 70. Kc7 h5 71. Rc6 Rf7 72. b6
Kf8+ 73. Kc8 1-0

[Event "MCR_EM_CF10"]
[Site "?"]
[Date "2004.??.??"]
[Round "?"]
[White "Machotka, Jaroslav"]
[Black "Peterka, Jiri"]
[Result "1-0"]
[WhiteElo "1895"]
[BlackElo "2023"]
[PlyCount "144"]
[EventDate "2004.??.??"]

1. e4 c5 2. Nf3 Nc6 3. d4 cxd4 4. Nxd4 Nf6 5. Nc3 d6 6. Bg5 e6 7. Qd2 a6 8.
O-O-O h6 9. Bf4 Bd7 10. Nxc6 Bxc6 11. f3 d5 12. Qe1 Bb4 13. a3 Ba5 14. b4 Bb6
15. exd5 Bxd5 16. Be5 O-O 17. Qh4 Nd7 18. Qxd8 Be3+ 19. Kb2 Rfxd8 20. Nxd5 exd5
21. Bd4 Bxd4+ 22. Rxd4 Nb6 23. Kb3 a5 24. a4 axb4 25. Bb5 Rac8 26. Rxb4 Nd7 27.
Rd1 Nc5+ 28. Kb2 Ne6 29. f4 g6 30. g4 g5 31. f5 Nf4 32. Rbd4 Kf8 33. c4 Rc5 34.
Re1 b6 35. Ka3 Rdc8 36. Kb3 dxc4+ 37. Bxc4 h5 38. f6 R5c6 39. gxh5 Rxf6 40. Re5
Nh3 41. h6 Kg8 42. Re7 Nf4 43. Re5 Nh3 44. Re7 Nf4 45. Rdd7 Rxh6 46. Rxf7 Kh8
47. Rd2 Ng6 48. Rf5 Nh4 49. Rf7 Ng6 50. Bf1 Nf4 51. Ka3 Rh4 52. Rf6 Rb8 53. Rc6
Rb7 54. Bb5 Rb8 55. Bc4 Ng6 56. Re2 Nf4 57. Re5 g4 58. Rf6 Ng2 59. Bd5 Rh3+ 60.
Bb3 Kg7 61. Rd6 Kh7 62. Rd4 Ne3 63. Kb4 Rc8 64. Rd6 Nf1 65. Be6 Rf8 66. Re4
Nxh2 67. Rxb6 Rhf3 68. Bc4 R3f6 69. Rxf6 Rxf6 70. a5 g3 71. Re2 Nf3 72. a6 Nd4
1-0

[Event "MCR_EM_CF10"]
[Site "?"]
[Date "2004.??.??"]
[Round "?"]
[White "Lehovcova, Jana"]
[Black "Mateka, Petr"]
[Result "0-1"]
[WhiteElo "1834"]
[BlackElo "2000"]
[PlyCount "158"]
[EventDate "2004.??.??"]

1. d4 Nf6 2. Nc3 e6 3. e4 d5 4. e5 Nfd7 5. Nf3 c5 6. Nb5 Qb6 7. c3 Nc6 8. Qa4
a6 9. Be2 Be7 10. Nd6+ Bxd6 11. exd6 cxd4 12. cxd4 Nf6 13. Qa3 Ne4 14. Be3 Qb4+
15. Qxb4 Nxb4 16. O-O Nxd6 17. Rfc1 Nc6 18. Rc3 Bd7 19. Bd3 f6 20. Re1 g5 21.
Nd2 Nb5 22. Bxb5 axb5 23. a3 b4 24. Rb3 Ke7 25. axb4 Ra4 26. Ra3 Rxb4 27. Nb3
Rc4 28. Rc1 b5 29. Raa1 h6 30. f3 Rc8 31. Rd1 Rc2 32. Rd2 Rxd2 33. Bxd2 e5 34.
dxe5 fxe5 35. Ra6 Be8 36. Kf2 d4 37. Nc5 Kd6 38. Ne4+ Kc7 39. Nf6 Bd7 40. Nd5+
Kd6 41. Nf6 Be6 42. Bb4+ Kc7 43. Bc5 b4 44. Ke1 b3 45. Kd2 h5 46. h3 Bc4 47.
Ra1 Rh8 48. Rc1 Be6 49. Ne4 g4 50. fxg4 hxg4 51. Bd6+ Kb6 52. Bc5+ Kb7 53. Bd6
Rh6 54. Bf8 Rg6 55. h4 Bd5 56. Kd3 Rg8 57. Ba3 Rh8 58. g3 Rh6 59. Rf1 Na5 60.
Rc1 Rc6 61. Nc5+ Kc7 62. Bb4 Nb7 63. h5 Nxc5+ 64. Rxc5 Rxc5 65. Bxc5 Kd7 66.
Ba7 Bg8 67. Bb8 Ke6 68. Kc4 Kf5+ 69. Kd3 Bf7 70. h6 Bg8 71. Ba7 Ke6 72. Kc4
Kd6+ 73. Kb4 Kc6 74. Ka4 d3 75. Be3 Kd5 76. h7 Bxh7 77. Kxb3 Ke4 78. Bd2 Kf3
79. Kc3 e4 0-1